000 00874nam a22002777a 4500
001 36576
003 BD-RjUL
005 20211209052515.0
008 140705r20102002ii a|||| b||| 001 0 eng d
020 _a9788123908007
020 _a8123908008
035 _a(BD-RjUL)36677
040 _aBD-RjUL
_beng
_cBD-RjUL
041 _aeng
082 _a660.6
_bVYM 2010
100 _aVyas, S.P.
_9111414
245 _aMethods in biotechnology and bioengineering :
_b for pharmacy and other biosciences /
_cS.P. Vyas, D.V. Kohli.
250 _a1st ed.
260 _aNew Dehli, India :
_bCBS Publishers & Distributors,
_c2002 [reprint 2010].
300 _a326 p. :
_bill. ;
_c25 cm.
504 _aIncludes bibliographical references and index.
650 _aBiotechnology.
_9111415
650 _aBioengineering.
_941683
700 _aKohli, D.V.
_9111416
942 _2ddc
_cBK
999 _c36576
_d36576